[Event "Norrkoping op"]
[Site "Norrkoping"]
[Date "2025.04.21"]
[Round "8"]
[White "Arman, Deniz"]
[Black "Sandberg, Lucas"]
[Result "1-0"]
[WhiteElo "2340"]
[BlackElo "2099"]
[PlyCount "59"]
[EventDate "2025.04.18"]
[EventType "swiss"]
[EventRounds "8"]
[EventCountry "SWE"]
[SourceTitle "CB17_2025"]
[SourceDate "2025.04.23"]
[SourceVersion "1"]
[SourceVersionDate "2025.04.23"]
[SourceQuality "1"]

1. e4 c6 2. d4 g6 3. Nc3 d5 4. e5 Bg7 5. Bf4 h5 6. Qd2 Nh6 7. h3 h4 8. Nf3 Nf5 9. 0-0-0 b5 10. g4 hxg3 11. fxg3 e6 12. g4 Nh4 13. Nxh4 Qxh4 14. Bd3 Nd7 15. Rdf1 b4 16. Ne2 a5 17. Bg5 Bh6 18. Bxh6 Rxh6 19. Ng1 Rh7 20. Nf3 Qh6 21. Ng5 Rg7 22. Nxf7 Qxd2+ 23. Kxd2 Ba6 24. Nd6+ Ke7 25. Bxa6 Rxa6 26. Rf3 c5 27. Rhf1 cxd4 28. Rf7+ Rxf7 29. Rxf7+ Kd8 30. Nb7+ 1-0

[Event "Norrkoping op"]
[Site "Norrkoping"]
[Date "2025.04.19"]
[Round "5"]
[White "Sandberg, Lucas"]
[Black "Grahn, Vidar"]
[Result "1/2-1/2"]
[WhiteElo "2099"]
[BlackElo "2262"]
[PlyCount "119"]
[EventDate "2025.04.18"]
[EventType "swiss"]
[EventRounds "8"]
[EventCountry "SWE"]
[SourceTitle "CB17_2025"]
[SourceDate "2025.04.23"]
[SourceVersion "1"]
[SourceVersionDate "2025.04.23"]
[SourceQuality "1"]

1. Nf3 d5 2. b3 Bg4 3. Bb2 Nd7 4. g3 Bxf3 5. exf3 Ngf6 6. Bg2 g6 7. 0-0 Bg7 8. Re1 0-0 9. f4 e6 10. d3 c5 11. c4 Qc7 12. Qc2 d4 13. b4 Ne8 14. Nd2 cxb4 15. Nb3 Nc5 16. a3 Na6 17. Qd2 Nd6 18. axb4 Rfd8 19. Rec1 Nb8 20. Ba3 Nf5 21. Na5 Nc6 22. Nxb7 Qxb7 23. b5 Nfe7 24. Bxe7 Qxe7 25. Bxc6 Rac8 26. Ra6 e5 27. Re1 Qc5 28. fxe5 Bxe5 29. Qg5 f6 30. Qg4 Rf8 31. Qe6+ Kh8 32. Rea1 Bb8 33. Kg2 Qe5 34. Qxe5 fxe5 35. c5 Rf6 36. Rc1 Rcf8 37. Rc2 Kg7 38. Raa2 g5 39. Be4 Rc8 40. c6 h5 41. c7 Rxc7 42. Rxc7+ Bxc7 43. Rxa7 Rf7 44. Bd5 Re7 45. b6 Bd6 46. b7 Bb8 47. Ra8 Re8 48. Kf3 Rd8 49. Ke4 Kf6 50. h3 h4 51. g4 Rf8 52. Bc4 Ke7 53. Kd5 Kd7 54. Ra2 Rf3 55. Rc2 Kc7 56. Ke6 Kb6 57. Rd2 e4 58. dxe4 Kxb7 59. Bf1 Bf4 60. Bg2 1/2-1/2

[Event "Vaxjo op"]
[Site "Vaxjo"]
[Date "2025.02.09"]
[Round "8"]
[White "Reid, Gregor JM"]
[Black "Sandberg, Lucas"]
[Result "1-0"]
[WhiteElo "2237"]
[BlackElo "2021"]
[PlyCount "117"]
[EventDate "2025.02.07"]
[EventType "swiss"]
[EventRounds "8"]
[EventCountry "SWE"]
[SourceTitle "CB07_2025"]
[SourceDate "2025.02.12"]
[SourceVersion "1"]
[SourceVersionDate "2025.02.12"]
[SourceQuality "1"]

1. Nf3 g6 2. g3 Bg7 3. Bg2 Nf6 4. 0-0 0-0 5. d3 Nc6 6. c4 d6 7. Nc3 e5 8. Bg5 h6 9. Bxf6 Bxf6 10. Nd5 Bg7 11. Rb1 f5 12. b4 g5 13. b5 Ne7 14. Nd2 Ng6 15. a4 g4 16. a5 a6 17. Nb4 Rb8 18. Rc1 Qe8 19. bxa6 bxa6 20. Nc6 Rb2 21. Rb1 Rxb1 22. Qxb1 e4 23. dxe4 f4 24. Nb4 Bc3 25. Rd1 fxg3 26. hxg3 Qf7 27. Nd3 Qg7 28. c5 h5 29. cxd6 cxd6 30. e5 Nxe5 31. Ne4 Nxd3 32. Qxd3 Be5 33. Nxd6 Be6 34. Bd5 Bxd5 35. Qxd5+ Kh8 36. Rb1 Qf6 37. Ne4 Qf5 38. Rb6 Kg7 39. Re6 Ba1 40. Qxf5 Rxf5 41. Rxa6 Re5 42. f3 Bd4+ 43. Kg2 Rb5 44. Rd6 Be5 45. Rd7+ Kg6 46. a6 Rb2 47. Rd2 Rb8 48. Rd5 gxf3+ 49. exf3 Rb2+ 50. Kh3 Bb8 51. Rg5+ Kh6 52. Rg8 Ba7 53. g4 hxg4+ 54. fxg4 Rb3+ 55. Kh4 Bd4 56. a7 Bf6+ 57. g5+ Bxg5+ 58. Nxg5 Rb8 59. Rxb8 1-0

[Event "Gothenburg Kvibergspelen"]
[Site "Gothenburg"]
[Date "2024.09.06"]
[Round "1"]
[White "Sorensen, Hampus"]
[Black "Sandberg, Lucas"]
[Result "1-0"]
[WhiteElo "2420"]
[BlackElo "1887"]
[PlyCount "49"]
[EventDate "2024.09.06"]
[EventType "swiss"]
[EventRounds "8"]
[EventCountry "SWE"]
[SourceTitle "EXT 2025"]
[Source "ChessBase"]
[SourceDate "2024.10.14"]
[SourceVersion "1"]
[SourceVersionDate "2024.10.14"]
[SourceQuality "1"]

1. e4 c5 2. Nf3 d6 3. d4 cxd4 4. Qxd4 Nf6 5. Nc3 Nc6 6. Qd3 g6 7. Nd5 Bg7 8. c3 0-0 9. Bg5 Nxd5 10. exd5 Bf5 11. Qd2 Ne5 12. Nxe5 Bxe5 13. Be2 Rc8 14. 0-0 Re8 15. Rfe1 Qa5 16. Bf1 a6 17. a4 Bf6 18. Be3 e5 19. b4 Qc7 20. c4 a5 21. bxa5 Qd7 22. c5 Qe7 23. a6 e4 24. axb7 Qxb7 25. c6 1-0

[Event "Gothenburg op"]
[Site "Gothenburg"]
[Date "2023.08.13"]
[Round "8"]
[White "Havner, Arvid"]
[Black "Sandberg, Lucas"]
[Result "1/2-1/2"]
[WhiteElo "1825"]
[BlackElo "1311"]
[PlyCount "62"]
[EventDate "2023.08.11"]
[EventType "swiss"]
[EventRounds "8"]
[EventCountry "SWE"]
[SourceTitle "CBM 215 Extra"]
[Source "ChessBase"]
[SourceDate "2023.09.30"]
[SourceVersion "1"]
[SourceVersionDate "2023.09.30"]
[SourceQuality "1"]

1. e4 c5 2. Nf3 d6 3. d4 cxd4 4. Nxd4 Nf6 5. Nc3 g6 6. Be3 Bg7 7. f3 0-0 8. Qd2 Nc6 9. 0-0-0 d5 10. Kb1 Nxd4 11. e5 Nd7 12. Bxd4 Nxe5 13. f4 Nc6 14. Bxg7 Kxg7 15. Qxd5 Be6 16. Qxd8 Rfxd8 17. Bd3 Nd4 18. Nb5 Nxb5 19. Bxb5 a6 20. Bd3 Bd5 21. Rd2 Bc6 22. Rhd1 Rd7 23. Bf1 Rxd2 24. Rxd2 Re8 25. c4 f6 26. Kc2 e5 27. fxe5 fxe5 28. Kd3 Rf8 29. Ke2 Rf4 30. b3 Re4+ 31. Kf2 Rd4 1/2-1/2